Missing Word: 2000 Movies Quiz Stats

 Plays Quiz Updated Aug 30, 2012

Support Sporcle.
Go Orange.
Score 0/20 Timer 04:00
0 Plays Today
Hint Answer % Correct
O Brother, ____ Art Thou? Where
95.2%
The Whole ____ YardsNine
92.5%
What ___ BeneathLies
91.3%
The Emperor's ___ Groove New
89.9%
____ Tiger, Hidden DragonCrouching
87.8%
___ BrockovichErin
87.4%
Cast ____Away
84.4%
Meet the ____Parents
83%
Scary ____Movie
81.8%
____ FamousAlmost
78.2%
Hint Answer % Correct
Rules of ____Engagement
75.1%
____ the TitansRemember
73.9%
Requiem for a ____Dream
72.8%
Best in ____Show
66.6%
Chicken ___Run
64.4%
____ AngelsCharlie's
64.2%
____ CowboysSpace
52.3%
____ RoyaleBattle
32.6%
American ____Psycho
27.6%
High ____Fidelity
25.6%

Today's Daily Dose

Missing Word
Paddington 2 Cast

Word Ladder
Time After Time

Quick Pick
'World' Movies

You're not logged in!

Compare scores with friends on all Sporcle quizzes.
OR
Log In

From the Vault

Pixar Movie Slideshow

by CCCP

Did you know, Pixar was helped along the way by both Lucasfilm and funding from Steve Jobs?
Remove Ads.
Support Sporcle.
Get the best of Sporcle when you Go Orange. This ad-free experience offers more features, more stats, and more fun while also helping to support Sporcle. Thank you for becoming a member.

Show Comments

Extras

Top Quizzes Today


Score Distribution

Your Account Isn't Verified!

In order to create a playlist on Sporcle, you need to verify the email address you used during registration. Go to your Sporcle Settings to finish the process.

Report this User

Report this user for behavior that violates our Community Guidelines.

Details: